[Event "FIDE-Wch k.o."]
[Site "Groningen"]
[Date "1997.12.16"]
[Round "3.7"]
[White "Akopian, Vladimir Eduardovic"]
[Black "Vaganian, Rafael A"]
[Result "1-0"]
[WhiteElo "2660"]
[BlackElo "2640"]
[Annotator "Horn,Pe"]
[PlyCount "69"]
[EventDate "1997.12.09"]
[EventType "k.o."]
[EventRounds "7"]
[EventCountry "NED"]
[SourceTitle "CBM 063"]
[Source "ChessBase"]
[SourceDate "1998.03.26"]
[SourceVersion "1"]
[SourceVersionDate "1998.03.26"]
[SourceQuality "1"]

1. Nf3 d5 2. g3 c6 3. Bg2 Bg4 4. c4 Nf6 5. cxd5 Bxf3 {Das gilt als bequeme
Ausgleichsfortsetzung.} 6. Bxf3 cxd5 7. d3 Nc6 8. O-O e6 9. Nc3 Be7 10. Bg2 O-O
11. Bd2 Nd7 12. Rc1 Rc8 13. a3 a6 14. b4 $146 (14. Kh1 Nd4 15. b4 Nb6 16. e3
Nb5 17. Qb3 Qd7 18. Ne2 Bf6 $11 {Larsen,B-Ivkov,B/Bled cqf2 1965/CAND/1-0 (60)}
) 14... b5 15. e4 dxe4 16. Nxe4 $1 {Das war die Idee von 15.e4. Der Pd3 ist
zwar ganz schrecklich anzuschauen, aber immerhin bewacht er das Feld c4 und
die weißen Figuren sind genügend aktiv, um die Bauernschwäche zu kompensieren.}
(16. dxe4 Nde5 $132 {[%cal Ye5c4]}) 16... Nb6 (16... Nde5 17. Nc5 Bxc5 18. Rxc5
$14) 17. Bc3 f5 $2 (17... Nd4 $5 $13) 18. Nc5 Bxc5 19. bxc5 Na4 20. Ba1 e5 (
20... Nd4 21. c6 $16) 21. Qb3+ (21. Re1) (21. f4 $5) 21... Kh8 22. Bxc6 $1 Rxc6
23. Bxe5 Rxc5 (23... Nxc5 $2 24. Qc3 $18 {[%cal Rd3d4,Re5g7]}) 24. Rxc5 Nxc5
25. Bxg7+ Kxg7 26. Qc3+ Rf6 27. Qxc5 Qxd3 {In Anbetracht der Lage des Kg7 ist
dieses Endspiel klar vorteilhaft für Weiß.} 28. Qe7+ Rf7 (28... Kg6 29. Re1 $16
) 29. Qg5+ Kh8 (29... Kf8 30. Rc1 $18) 30. Rc1 Qd7 (30... Qxa3 31. Qh6 Qf8 $8
32. Qxa6 Rf6 33. Qxb5 $18) 31. Qf4 (31. Qh6 $5 $16 {gewinnt einen P.}) 31...
Rf8 (31... Qe6) 32. Rc7 Qd1+ 33. Kg2 Qd5+ 34. f3 Rd8 $4 (34... Qa2+ 35. Kh3 Qe6
36. Qd4+ (36. Ra7 $16) 36... Qf6 37. Qd7 Qh6+ 38. Kg2 $16) 35. Qh4 1-0

[Event "Biel GM"]
[Site "Biel"]
[Date "2001.07.31"]
[Round "8"]
[White "Gelfand, Boris"]
[Black "Svidler, Peter"]
[Result "1/2-1/2"]
[WhiteElo "2714"]
[BlackElo "2695"]
[Annotator "Horn,Pe"]
[PlyCount "56"]
[EventDate "2001.07.23"]
[EventType "tourn"]
[EventRounds "10"]
[EventCountry "SUI"]
[EventCategory "16"]
[SourceTitle "CBM 085"]
[Source "ChessBase"]
[SourceDate "2001.11.13"]
[SourceVersion "1"]
[SourceVersionDate "2001.11.13"]
[SourceQuality "1"]

1. Nf3 Nf6 2. c4 g6 3. g3 Bg7 4. Bg2 c6 5. O-O d5 6. b3 O-O 7. Bb2 dxc4 {
Ein Nebenweg.} 8. bxc4 c5 {Von dieser Stellung gibt es viele Beispiele, nur
ist in aller Regel hier Schwarz am Zug, weil er für c7-c5 nur einen Zug
aufgewendet hat.} 9. Nc3 ({In dem einzigen hochklassigem Vorgänger entschied
sich Weiß für} 9. d3 {und fuhr damit nicht schlecht:} Nc6 10. Ne5 Nxe5 11. Bxe5
Ne8 12. Bxg7 Nxg7 13. Nc3 Nf5 14. Rb1 Rb8 15. Qa4 $14 {Stein,L-Shamkovich,L/
Leningrad 1971}) 9... Nc6 10. Na4 Qd6 11. Ba3 Nd7 12. Rb1 Rb8 13. e3 b6 (13...
e5 14. Ng5 {[%cal Yg5e4,Ye4c3,Yc3d5]}) 14. d4 Ba6 15. dxc5 bxc5 16. Qc2 (16.
Qxd6 $2 exd6 $15 {wäre im Interesse von Schwarz: die weißen Leichtfiguren am
Damenflügel schauen dann einen gedeckten P an.}) 16... Nb4 17. Bxb4 Rxb4 18.
Rxb4 cxb4 19. Rd1 ({Nach} 19. c5 Qd3 {steht Schwarz ausgezeichnet.}) 19... Qc7
20. Qd2 $11 {Danach verflacht das Spiel vollständig; es mangelte aber an
vernünftigen Alternativen.} Nb6 21. Qxb4 Qxc4 22. Qxc4 Bxc4 23. Nxb6 axb6 24.
Rb1 Rd8 25. h4 Rd6 26. a3 Ba2 27. Rc1 Bf6 28. e4 e5 1/2-1/2

[Event "SUI Grand Prix"]
[Site "Suhr"]
[Date "1990.??.??"]
[Round "9"]
[White "Ekstroem, Roland"]
[Black "Gallagher, Joseph G"]
[Result "1-0"]
[WhiteElo "2405"]
[BlackElo "2470"]
[Annotator "Horn,Pe"]
[PlyCount "85"]
[EventDate "1990.??.??"]
[EventType "tourn"]
[EventRounds "9"]
[EventCountry "SUI"]
[EventCategory "9"]
[SourceTitle "CBM 017"]
[Source "ChessBase"]
[SourceDate "1990.08.01"]
[SourceVersion "1"]
[SourceVersionDate "1990.08.01"]
[SourceQuality "1"]

1. Nf3 Nf6 2. g3 g6 3. b3 Bg7 4. Bb2 d5 5. c4 c6 6. Bg2 O-O 7. O-O Bg4 8. d3
Bxf3 9. Bxf3 e6 10. Nd2 Na6 $6 (10... Nbd7 $14) 11. a3 Nc7 12. Qc2 Qe7 13. Be5
Nce8 14. Qb2 Bh6 15. Rfd1 c5 16. e3 Nd7 17. Bc3 $16 Nb6 18. a4 a5 19. d4 cxd4
20. Bxd4 Bg7 21. cxd5 Nxd5 22. Nc4 Bxd4 23. Rxd4 Nef6 24. Rad1 Nb4 25. Qd2 e5
26. Rd6 e4 27. Be2 h5 28. Qc3 Ng4 29. h3 Nh6 30. Qe5 Qxe5 31. Nxe5 Rfe8 32. Nc4
Nc6 33. Rd7 Rac8 34. R1d5 Nf5 35. Nxa5 Ne5 36. Rxb7 Rcd8 37. Rxd8 Rxd8 38. Nc4
Nf3+ 39. Kg2 Nd2 40. a5 Nxc4 41. Bxc4 Rd2 42. Kg1 Nd6 43. Rd7 1-0

[Event "Hoogovens"]
[Site "Wijk aan Zee"]
[Date "1990.01.??"]
[Round "8"]
[White "Dokhoian, Yury"]
[Black "Kuijf, Marinus"]
[Result "0-1"]
[WhiteElo "2540"]
[BlackElo "2490"]
[Annotator "Horn,Pe"]
[PlyCount "64"]
[EventDate "1990.01.??"]
[EventType "tourn"]
[EventRounds "13"]
[EventCountry "NED"]
[EventCategory "13"]
[SourceTitle "CBM 017"]
[Source "ChessBase"]
[SourceDate "1990.08.01"]
[SourceVersion "1"]
[SourceVersionDate "1990.08.01"]
[SourceQuality "1"]

1. c4 c6 2. b3 d5 3. Bb2 Bg4 4. d4 {N} (4. Nf3) 4... e6 5. Nd2 Nf6 6. h3 Bh5 7.
g4 $6 (7. Ngf3 $10) 7... Bg6 8. Ngf3 Nbd7 9. e3 $6 (9. Bg2) (9. Nh4 $6 Ne4 10.
Nxg6 Bb4) 9... Ne4 10. a3 h5 $1 $17 11. Rg1 hxg4 12. hxg4 Bd6 13. Nxe4 Bxe4 14.
Bd3 Nf6 15. c5 Bc7 16. Ke2 Qe7 17. g5 Nh7 18. Ke1 O-O-O $19 19. Qe2 Bxf3 20.
Qxf3 Nxg5 21. Qg4 f6 22. Ke2 Kb8 23. f4 Rh2+ 24. Rg2 Rdh8 25. Kd1 Ne4 26. Bxe4
dxe4 27. Bc3 g5 28. Rxh2 Rxh2 29. fxg5 f5 30. Qg1 Qh7 31. Be1 Qh5+ 32. Kc1 Qe2
0-1

[Event "Prague Bohemians-A"]
[Site "Prague"]
[Date "1990.??.??"]
[Round "?"]
[White "Landenbergue, Claude"]
[Black "Keitlinghaus, Ludger"]
[Result "1/2-1/2"]
[WhiteElo "2385"]
[BlackElo "2415"]
[Annotator "Horn,Pe"]
[PlyCount "43"]
[EventDate "1990.01.??"]
[EventType "tourn"]
[EventRounds "13"]
[EventCountry "CZE"]
[EventCategory "8"]
[SourceTitle "CBM 017"]
[Source "ChessBase"]
[SourceDate "1990.08.01"]
[SourceVersion "1"]
[SourceVersionDate "1990.08.01"]
[SourceQuality "1"]

1. Nf3 d5 2. g3 c6 3. Bg2 Bg4 4. c4 e6 5. cxd5 exd5 6. O-O Nd7 7. d3 Ngf6 8. h3
(8. Nc3 Be7 9. h3 Bxf3 10. Bxf3 O-O {Vaganian-van der Wiel, Wijk 1989}) 8...
Bh5 9. Nc3 Be7 10. e4 $5 {N} (10. Re1 O-O 11. e4 dxe4 12. dxe4 Nc5 $1 13. Qe2
Re8 $132 {Beltshik-Bagirov, Riga 1981}) 10... dxe4 11. dxe4 Nc5 $1 {das
Standardmanöver} 12. Qe2 Qd3 $10 (12... O-O 13. Rd1 $5) 13. Re1 O-O 14. g4 Bg6
15. Ne5 Qxe2 16. Rxe2 Rfe8 17. Bf4 Nfd7 18. Nxd7 Nxd7 19. Rd1 Nb6 20. Bd6 Bxd6
21. Rxd6 f6 22. f4 1/2-1/2

[Event "Bern zt"]
[Site "Bern"]
[Date "1990.??.??"]
[Round "2"]
[White "Hug, Werner"]
[Black "Lev, Ronen"]
[Result "1/2-1/2"]
[WhiteElo "2445"]
[BlackElo "2390"]
[Annotator "Horn,Pe"]
[PlyCount "38"]
[EventDate "1990.01.??"]
[EventType "tourn"]
[EventRounds "15"]
[EventCountry "SUI"]
[EventCategory "9"]
[SourceTitle "CBM 017"]
[Source "ChessBase"]
[SourceDate "1990.08.01"]
[SourceVersion "1"]
[SourceVersionDate "1990.08.01"]
[SourceQuality "1"]

1. Nf3 d5 2. g3 Nf6 3. Bg2 c6 4. c4 dxc4 5. Qc2 Be6 $6 {N} (5... b5 6. a4 Bb7
7. b3 cxb3 8. Qxb3 a6 9. Ba3 Nbd7 10. O-O $146) (5... Qd5 {Empfehlung Lukacs/
Hazai (NIC YB 9)} 6. Nc3 Qh5 7. Ne4 Nxe4 8. Qxe4 Be6 9. Qf4 Na6 10. O-O Rd8 11.
b3 Qf5 12. Qxf5 Bxf5 13. bxc4 f6 14. d3 e5 15. Rb1 Rd7 16. Nd2 Nc5 17. Nb3 {
remis gegeben in Hug-Adams, Luzern WchT 1989}) 6. Ng5 Bd5 7. e4 h6 8. Nh3 $1 (
8. exd5 hxg5 9. dxc6 Nxc6 10. Qxc4 Rc8) 8... Be6 9. Nf4 Bc8 10. Qxc4 (10. e5
Nd5 11. Qxc4 $13 (11. e6 $2 Nxf4 12. exf7+ Kxf7 13. gxf4 $17)) 10... e5 11. Nd3
Nbd7 (11... Bd6 $5) 12. Qc3 Bd6 13. Na3 O-O 14. O-O Re8 15. Nc4 Bc7 16. b4 Nb6
17. Ndb2 Nfd7 18. d3 c5 19. a3 (19. b5 a6) (19. Be3 $5) 19... Nxc4 $14 1/2-1/2

[Event "UKR-ch"]
[Site "Simferopol"]
[Date "1990.??.??"]
[Round "?"]
[White "Panchenko, Alexandar G"]
[Black "Frolov, Artur"]
[Result "1/2-1/2"]
[WhiteElo "2375"]
[BlackElo "2485"]
[Annotator "Horn,Pe"]
[PlyCount "40"]
[EventDate "1990.??.??"]
[EventType "tourn"]
[EventRounds "11"]
[EventCountry "URS"]
[EventCategory "6"]
[SourceTitle "CBM 021"]
[Source "ChessBase"]
[SourceDate "1991.04.01"]
[SourceVersion "1"]
[SourceVersionDate "1991.04.01"]
[SourceQuality "1"]

1. Nf3 Nf6 2. g3 g6 3. b3 Bg7 4. Bb2 O-O 5. Bg2 d5 6. c4 c6 7. O-O Re8 8. d3 (
8. d4 $5 $14) 8... Nbd7 9. cxd5 {N} (9. Nbd2 e5 10. e3 $14 e4 $2 11. Ne1 Nc5
12. cxd5 cxd5 13. dxe4 dxe4 14. Rc1 $16 {Andersson-Heidenfeld, Kopenhagen 1967}
) 9... cxd5 10. Qc2 Nb6 (10... e5 $5 11. Rc1 Bh6 {Osnos}) 11. Nbd2 Bg4 { <<c8}
12. Bd4 (12. Rae1 Rc8 13. Qb1 $13) 12... Nbd7 $1 { e5} (12... Rc8 13. Qb2 $14)
13. Rac1 (13. Qb2 e5 $1 $15) (13. h3 Bxf3 14. Nxf3 e5 $10) 13... e5 14. Bb2 Rc8
15. Qxc8 Qxc8 16. Rxc8 Rxc8 17. Rc1 Rxc1+ 18. Bxc1 e4 19. dxe4 dxe4 20. Ng5
Bxe2 1/2-1/2

[Event "Hastings 9192"]
[Site "Hastings"]
[Date "1991.??.??"]
[Round "8"]
[White "Adams, Michael"]
[Black "Bareev, Evgeny"]
[Result "0-1"]
[WhiteElo "2615"]
[BlackElo "2680"]
[Annotator "Horn,Pe"]
[PlyCount "60"]
[EventDate "1991.12.??"]
[EventType "tourn"]
[EventRounds "14"]
[EventCountry "ENG"]
[EventCategory "14"]
[SourceTitle "CBM 027"]
[Source "ChessBase"]
[SourceDate "1992.04.01"]
[SourceVersion "1"]
[SourceVersionDate "1992.04.01"]
[SourceQuality "1"]

1. g3 d5 2. Bg2 c6 3. Nf3 Nf6 4. O-O Bg4 5. c4 Nbd7 6. cxd5 cxd5 7. d3 (7. Qb3)
7... e6 8. Nc3 Be7 9. Qb3 O-O $1 10. Be3 (10. Qxb7 $2 Nc5 11. Qc6 (11. Qb5 Rb8
12. Qc6 Rb6 $19) 11... Rc8 12. Qb5 Rb8 13. Qc6 Rb6 $19) 10... Bxf3 $1 11. exf3
(11. Bxf3 Ne5 {/\ d4} 12. Bf4 Nxf3+ 13. exf3 $15) 11... Nc5 12. Bxc5 $8 Bxc5
13. Qxb7 Qa5 14. Qb3 (14. Qb5 Qxb5 15. Nxb5 Rab8 $17) 14... Bd4 15. Rfc1 $6 (
15. Rac1 Rab8 16. Qc2 Rfc8 17. Rfd1) 15... Rab8 16. Qc2 Rfc8 17. Rab1 g6 18.
Bf1 Kg7 19. h4 h6 20. Qd2 $2 Bxc3 21. bxc3 $8 Rxb1 22. Rxb1 d4 $1 23. Qc2 dxc3
$19 24. Rb3 Nd5 25. a3 Ne7 26. Bh3 Qa4 27. h5 gxh5 28. f4 Kf8 (28... Qxb3 $2
29. Qxb3 c2 30. Qb2+ Kg8 31. Qc1) 29. Kh2 Qxb3 $1 30. Qxb3 c2 0-1

[Event "Platonov Memorial"]
[Site "Kiev"]
[Date "1995.??.??"]
[Round "7"]
[White "Nikolaevsky, Yuri V"]
[Black "Koutsin, Sergey"]
[Result "1-0"]
[WhiteElo "2405"]
[BlackElo "2455"]
[Annotator "Horn,Pe"]
[PlyCount "71"]
[EventDate "1995.??.??"]
[EventType "tourn"]
[EventRounds "13"]
[EventCountry "UKR"]
[EventCategory "10"]
[SourceTitle "CBM 051"]
[Source "ChessBase"]
[SourceDate "1996.04.01"]
[SourceVersion "1"]
[SourceVersionDate "1996.04.01"]
[SourceQuality "1"]

1. Nf3 d5 2. c4 c6 3. b3 Nf6 4. Bb2 g6 5. g3 Bg7 6. Bg2 O-O 7. O-O Re8 8. d3
Bg4 9. Nbd2 Nbd7 10. Qc2 (10. h3 Bxf3 11. Nxf3 e5) 10... e5 11. e4 dxe4 12.
dxe4 Qb6 $146 (12... Bxf3 13. Nxf3 Nc5 14. Bxe5 Nfxe4 15. Bxg7 Kxg7 16. b4 Nd7
17. Rad1 Qc7 18. Nd4 Nef6 19. c5 Re7 20. Rfe1 Rae8 21. Qc3 Rxe1+ {1/2-1/2
Rodgaard,J-deBoer,J/Copenhagen 1986}) 13. Nh4 Nc5 14. h3 $3 {Weiß lockt den
Bg4 auf sein Territorium. Das sieht sehr gefährlich aus.} Be2 $6 (14... Be6 15.
Bxe5 $140 $6 Bxh3) 15. Rfe1 Bd3 16. Qc3 Rad8 17. Re3 Bh6 18. Rae1 Bxe3 19. Rxe3
a5 (19... Rd4 20. Nhf3 Ncxe4 (20... Nfxe4 21. Nxe4 Rxe4 22. Nxe5 Rxe3 23. Nd7
$18) 21. Nxe4 Nxe4 (21... Bxe4 22. Nxd4 Bxg2 23. Kxg2 Qxd4 24. Qxd4 exd4 25.
Bxd4 Rxe3 26. fxe3 $16) 22. Qe1 Rdd8 23. Nxe5 $16) 20. Ba3 Nfd7 21. Nhf3 Re6 $6
(21... f5 22. Rxd3 Nxd3 23. Qxd3 Nf6 24. Qe2 $16) 22. Ne1 Rd6 $6 (22... Nxe4
23. Nxe4 Bxe4 24. Rxe4 $16) 23. Ndf3 $2 {Jetzt hätte er den Bd3 eigentlich nur
noch einsammeln müssen.} (23. Nxd3 Rxd3 24. Rxd3 Nxd3 25. Qxd3 Nf8 26. Qe2 $18)
23... Bxe4 24. Nxe5 Bxg2 25. Nxd7 R6xd7 $2 (25... Nxd7 26. Bxd6 Bxh3 27. Nd3
$44) 26. Bb2 Rd4 27. Nc2 $2 (27. Qxd4 Rxd4 28. Re8+ Kg7 29. Bxd4+ f6 30. Kxg2
$13) (27. Kxg2 Ne6 28. Nc2 c5 29. Rd3 $36) 27... Ne6 $2 (27... Ne4 $19) 28.
Nxd4 Qxd4 29. Qxd4 Nxd4 30. Kxg2 Ne6 (30... c5 31. Re7 (31. Re5 b6) 31... b6
32. Bc1) 31. Bc3 (31. Bf6 Rd2 32. a3) 31... a4 32. Kf3 (32. bxa4 Ra8 33. a5)
32... axb3 33. axb3 Nd4+ 34. Kg2 Ne6 35. Bf6 Rd7 36. g4 {Zeitüberschreitung ?}
1-0

[Event "Capablanca Memorial Elite 33rd"]
[Site "Havana"]
[Date "1998.05.17"]
[Round "8"]
[White "Miles, Anthony John"]
[Black "Vera Gonzalez Quevedo, Reynaldo"]
[Result "1-0"]
[WhiteElo "2595"]
[BlackElo "2535"]
[Annotator "Horn,Pe"]
[PlyCount "105"]
[EventDate "1998.05.07"]
[EventType "tourn"]
[EventRounds "11"]
[EventCountry "CUB"]
[EventCategory "12"]
[SourceTitle "CBM 065"]
[Source "ChessBase"]
[SourceDate "1998.08.06"]
[SourceVersion "1"]
[SourceVersionDate "1998.08.06"]
[SourceQuality "1"]

1. Nf3 d5 2. g3 c6 3. Bg2 Bg4 4. c4 e6 5. cxd5 exd5 6. O-O (6. h3 Bxf3 7. Bxf3
Qd7 8. d3 Na6 9. a3 f5 10. b4 Nf6 11. Bb2 Be7 12. Qb3 Nc7 $11 {Kirov-Kovacevic/
Palma de Mallorca/1989}) 6... Bd6 7. d3 Ne7 8. Nc3 O-O 9. h3 Bh5 10. e4 $146 (
10. Qb3 $2 Nd7 $1 11. Bd2 (11. Qxb7 Nc5 12. Qb4 Nxd3) 11... Nc5 12. Qc2 Qd7 13.
g4 $2 Bg6 14. Nh4 f5 $1 $40 {Berkovich,M-Gofshtein,L/Tel Aviv/1992}) (10. Qc2)
10... Nd7 {[%cal Yd7e5]} 11. Qc2 Rc8 $6 {Der Rc8 steht goldrichtig, wenn Weiß
auf d5 schlägt. Das Problem ist nur, daß die weiße Hauptidee in der Verwertung
der Majorität im Zentrum (durch späteres Pf2-f4) liegt.} 12. Nd4 {[%cal Yf2f4]
Jetzt wollen die weißen P am Königsflügel vormarschieren. Schwarz kann wegen
Ne6 (noch) nicht mit Pf6 Rückzugsmöglichkeiten für den gefährdeten Bh5
schaffen.} Bg6 13. f4 Bc5 14. Be3 f6 (14... dxe4 15. dxe4 Nd5 16. Bf2 $14) 15.
b4 Bb6 (15... Bxb4 $2 16. Ne6 $18) (15... Bxd4 16. Bxd4 c5 {wäre eine
Möglichkeit, dem Rc8 zu einer sinnvollen Beschäftigung zu verhelfen.} 17. bxc5
Nxc5 $13) 16. Na4 Bf7 (16... Bxd4 17. Bxd4 $16) 17. Nc5 $16 {Schwarz steht
sehr passiv.} Nxc5 {Ein interessanter Versuch, sich aus der Umklammerung zu
befreien: der entstehende Pc5 soll mit b7-b6 aufgelöst werden. So bekommen Rc8
und Ne7 doch noch etwas Sinnvolles zu tun.} 18. bxc5 Bc7 {[%csl Gd4,Ge4,Gf4]}
19. Bf3 {[%csl Ge6][%cal Yf3g4]} (19. Rab1 b6) 19... b6 (19... h5 {verhindert
zwar Bg4, schafft aber eine lästige Schwäche. Ich denke, daß Schwarz sich
damit auch nicht entlasten kann.}) 20. Bg4 {[%cal Yd4e6] So findet der
unglücklich plazierte Rc8 doch noch seine Strafe: Weiß erobert das B-paar.} Rb8
21. Ne6 Bxe6 $8 22. Bxe6+ Kh8 23. Rab1 {[%csl Ge6]} bxc5 (23... Qe8) 24. Bxc5 (
24. Rxb8 Qxb8 25. Bxc5 Bb6 26. Kh1 $16 {ist auch nicht schlecht, gibt aber
unnötig die b-Linie her.}) 24... Bb6 {Schwarz kann die B "halbieren", es
bleibt aber die Überlegenheit des Be6 gegen den perspektivlosen Ne7. Auch
Tausche ändern nichts an diesem grundsätzlichen Manko.} 25. Kg2 Qc7 (25... Bxc5
26. Qxc5 Rxb1 (26... Rb6) 27. Rxb1 dxe4 28. dxe4 (28. Rb7 $2 Qxd3 $11) 28...
Qd2+ 29. Qf2 $16 {Schwarz ist einige Figuren losgeworden, aber
ärgerlicherweise bleibt der Ne7 gegen den Be6 nach. Vor Endspielen hat Weiß
keine Angst.}) 26. h4 {Schafft dem K ein neues Feld (h3). Gelegentlich kann
der Ph4 auch noch weiter vorstoßen; damit hat es aber keine Eile.} (26. Bxe7 {
Schwarz wäre sicher froh gewesen, wenn Weiß zu diesem Bauerngewinn gegriffen
hätte: er wäre sein Sorgenkind los, und die ungleichen B verhelfen Schwarz zu
sehr guten Remischancen.} Qxe7 27. Qxc6 dxe4 28. dxe4 $14) 26... Rfd8 27. Rfc1
dxe4 28. dxe4 Bxc5 29. Qxc5 $16 {[%csl Ge6,Re7]} Rd6 (29... Rd2+ 30. Kh3 Rbd8
31. Rc2 $16) 30. Rxb8+ Qxb8 31. Bb3 Rd2+ 32. Kh3 (32. Kg1 Qb6) 32... Qc8+ 33.
f5 $8 {Weiß hatte keine Wahl, aber der Zug hat einige für Weiß sehr angenehme
Effekte: die Situation der Problemfiguren (Kh8 und Ne7) wird zementiert; der
Bb3 erhält bei Bedarf sein altes Feld e6 zurück.} Qd7 34. Qb4 (34. Be6 $5)
34... Qd8 (34... Rd4 35. Qb8+ Qd8 36. Qxa7 Rxe4 37. Rd1 $16) 35. Qb7 Rd7 36.
Qa6 Qb8 37. Qc4 {Die Qc4 hat einen kleinen Spaziergang gemacht, ohne daß sich
grundsätzlich an der Situation was geändert hätte. Weiß hat eben reichlich
Zeit, da Schwarz keine wirklichen Chancen hat, die Situation des Ne7 zu
verbessern.} Qd8 38. Qc5 Qb8 {[%cal Yd7d3]} 39. Rc3 Qb6 40. Be6 Qxc5 {Es
scheint mir, daß die schwarzen Schwierigkeiten nach dem Tausch eher noch
zunehmen.} 41. Rxc5 {[%csl Re7,Rh8]} Rb7 42. g4 Rb5 43. Rc3 {Den R behält Weiß
gerne angesichts der Probleme des Kh8 und Ne7.} g6 (43... h6 44. Rd3 $16) 44.
Rd3 (44. g5 $5 fxg5 (44... Kg7 45. Rd3 {[%cal Rd3d7] /\ Rd7+-}) 45. hxg5 gxf5
46. exf5 Nxf5 $2 47. Rf3 $18) 44... gxf5 45. Rd8+ Kg7 46. exf5 {[%cal Rd8d7]}
Rb7 47. g5 c5 (47... h6 48. g6 $18) 48. Rd6 {[%cal Rg5f6]} Rc7 49. Kg4 {
Weiß hat die freie Auswahl, wie er gewinnen will.} (49. Bc4 $5 Nxf5 (49... Ng8
50. Kg4 $18) 50. gxf6+ Kg6 51. f7+ Nxd6 52. f8=Q $18) 49... Nc6 (49... c4 $2
50. gxf6+ Kxf6 51. Bxc4+ $18) 50. Kf4 Nd4 51. Bc4 fxg5+ 52. hxg5 a5 (52... Kf8
53. f6 $18) 53. Rd8 {[%cal Rd8g8]} 1-0